[Event "ch-RUS Boys u20"]
[Site "St Petersburg RUS"]
[Date "2008.03.10"]
[Round "3"]
[White "Andreikin,D"]
[Black "Chadaev,N"]
[Result "1/2-1/2"]
[WhiteElo "2573"]
[BlackElo "2471"]

1.d4 d5 2.c4 c6 3.Qb3 Nf6 4.Nf3 e6 5.Bg5 Nbd7 6.Nc3 Be7 7.e3 O-O 8.Rc1 a6
9.a4 Re8 10.Be2 dxc4 11.Qxc4 Nd5 12.Bxe7 Qxe7 13.a5 Nxc3 14.Qxc3 e5 15.O-O e4
16.Nd2 Nf6 17.Qc5 Qd8 18.Nc4 Be6 19.Nb6 Nd7 20.Nxd7 Qxd7 21.Qg5 Rad8 22.Rc5 Bd5
23.Rfc1 h6 24.Qg3 Qd6 25.Qh4 Qe7 26.Qh5 Rd6 27.Bc4 Red8 28.b3 R6d7 29.h3 Kh7
30.Qe2 f5 31.Qe1 Qf7 32.Qb4 f4 33.Bxd5 Rxd5 34.Rxd5 Rxd5 35.Rc5 fxe3 36.fxe3 Qe7
37.Qc3 Qg5 38.b4 Qg3 39.Qd2 Kg6 40.Qf2 Qxf2+ 41.Kxf2 Kf6 42.Ke2 h5 43.Kd2 h4
44.Rxd5 cxd5 45.b5 Ke6 46.Kc3 Kd7 47.Kb4 Kd6 48.Ka4 Kd7 49.Kb4 Kd6 50.Ka4 Kd7  1/2-1/2

[Event "TCh-AUT 1st Bundesliga 2007-8"]
[Site "Graz AUT"]
[Date "2008.03.13"]
[Round "8"]
[White "Horvath,Jo1"]
[Black "Buhmann,R"]
[Result "1/2-1/2"]
[WhiteElo "2519"]
[BlackElo "2570"]

1.d4 d5 2.c4 c6 3.Nf3 Nf6 4.Qb3 dxc4 5.Qxc4 Bg4 6.Nbd2 Nbd7 7.g3 e6 8.Bg2 Be7
9.O-O Bh5 10.b3 O-O 11.Bb2 Rc8 12.e3 a6 13.Rfc1 c5 14.Qf1 Nd5 15.Nc4  1/2-1/2

[Event "ch-UKR Boys u20"]
[Site "Odessa UKR"]
[Date "2008.03.14"]
[Round "10"]
[White "Tishin,D"]
[Black "Ipatov,A"]
[Result "1/2-1/2"]
[WhiteElo "2260"]
[BlackElo "2323"]

1.d4 d5 2.c4 c6 3.Nf3 Nf6 4.Qc2 dxc4 5.Qxc4 Bf5 6.Nc3 e6 7.g3 Nbd7 8.Bg2 Be7
9.O-O O-O 10.Qb3 Qb6 11.Qxb6 axb6 12.Nh4 Bc2 13.Bd2 h6 14.Rfc1 Bh7 15.Nf3 b5
16.a3 Ne4 17.Nxe4 Bxe4 18.Ne5 Nxe5 19.Bxe4 Nc4 20.Bc3 Nb6 21.Be1 Rfd8 22.e3 g5
23.Bf3 Kg7 24.Rab1 f5 25.h3 Bf6 26.Rc2 Rd7 27.Kf1 Kg6 28.Ke2 h5 29.Bg2 Rh8
30.Rd1 g4 31.f3 e5 32.dxe5 gxf3+ 33.Bxf3 Rxd1 34.Kxd1 Bxe5 35.Ke2 Kf7 36.b3 Ra8
37.Bxh5+ Ke6 38.Bf3 Nd5 39.Rc5 Nf6 40.g4 fxg4 41.hxg4 Rg8 42.a4 bxa4 43.bxa4 Nxg4
44.a5 Bd6 45.Rh5 Ne5 46.Be4 Kd7 47.Rh7+ Kc8 48.a6 bxa6 49.Ra7 Kb8 50.Rxa6 Kb7
51.Ra1 Ra8  1/2-1/2

[Event "ch-RUS Girls u20"]
[Site "St Petersburg RUS"]
[Date "2008.03.18"]
[Round "11"]
[White "Ivakhinova,I"]
[Black "Charochkina,D"]
[Result "1-0"]
[WhiteElo "2250"]
[BlackElo "2383"]

1.d4 d5 2.c4 c6 3.Nf3 Nf6 4.Qb3 dxc4 5.Qxc4 Bf5 6.g3 e6 7.Bg2 Nbd7 8.O-O Bd6
9.Nc3 O-O 10.Nh4 Bg4 11.h3 Bh5 12.Qb3 Rb8 13.e4 c5 14.Nb5 Be7 15.Bf4 Ra8
16.g4 Ne8 17.gxh5 Bxh4 18.dxc5 Nxc5 19.Qc4 Be7 20.Rfd1 Qb6 21.Be3 a6 22.Nc3 Qc7
23.Rac1 Qe5 24.b4 b5 25.Qe2 Nb7 26.Rd7 Bxb4 27.Rxb7 Bxc3 28.f4 Qf6 29.e5 Bxe5
30.fxe5 Qxe5 31.Rxb5 axb5 32.Bxa8 Nd6 33.Bg2 h6 34.Re1 Rc8 35.Bf2 Qf5 36.Qe5 Qd3
37.Qd4 Qa3 38.Rd1 Nf5 39.Qd7 Rc1 40.Rxc1 Qxc1+ 41.Bf1 Qg5+ 42.Kh1 Qf4 43.Qc8+ Kh7
44.Qc2 Qf3+ 45.Kh2 Qf4+ 46.Kg2 Qg5+ 47.Kh1 Qxh5 48.Qe2 Qg5 49.Qxb5 Qf4 50.Qe2 g6
51.Bg2 Qc1+ 52.Kh2 Qc7+ 53.Kg1 Qc1+ 54.Qf1 Qa3 55.Qc4 Kg7 56.Bc5 Qa5 57.a4 Qe1+
58.Qf1 Qa5 59.Qa1+ e5 60.Qxe5+ Kh7 61.Bd4 Qd8 62.Bc3 h5 63.a5 Nd6  1-0

[Event "ch-SRB"]
[Site "Mataruska Banja SRB"]
[Date "2008.03.21"]
[Round "7"]
[White "Pavlovic,MilosM"]
[Black "Pikula,D"]
[Result "1/2-1/2"]
[WhiteElo "2457"]
[BlackElo "2524"]

1.d4 d5 2.c4 c6 3.Nf3 Nf6 4.Qc2 g6 5.Bf4 Bg7 6.e3 O-O 7.Nc3 c5 8.dxc5 Qa5
9.Rd1 dxc4 10.Bxc4 Qxc5 11.Qb3 Nc6 12.Qb5 Qxb5  1/2-1/2

[Event "15th Belisce Metalis Open"]
[Site "Bizovac CRO"]
[Date "2008.03.22"]
[Round "3"]
[White "Feletar,D"]
[Black "Vrsek,I"]
[Result "1-0"]
[WhiteElo "2370"]
[BlackElo "2174"]

1.d4 d5 2.Nf3 Nf6 3.c4 c6 4.Qc2 e6 5.Bg5 Nbd7 6.e3 h6 7.Bh4 Be7 8.Nc3 a6
9.cxd5 cxd5 10.Bd3 b5 11.O-O Bb7 12.Ne5 Rc8 13.Qe2 O-O 14.f4 Ne4 15.Bxe7 Nxc3
16.Bxd8 Nxe2+ 17.Bxe2 Rfxd8 18.Rfc1 Nxe5 19.fxe5 Rxc1+ 20.Rxc1 Rc8 21.Rxc8+ Bxc8
22.Kf2 Kf8 23.Ke1 Ke7 24.Kd2 Bd7 25.a4 b4 26.a5 Ba4 27.Bxa6 Kd7 28.Bd3 Kc6
29.a6 Kb6 30.h4 Bd7 31.Ke2 Bc8 32.Kf3 Bxa6 33.Bxa6 Kxa6 34.e4 Kb5 35.exd5 exd5
36.b3 Kc6 37.Kf4 g6 38.e6 fxe6 39.Ke5 Kd7 40.Kf6 h5 41.Kxg6 e5 42.Kxh5 e4
43.Kg4 Ke6 44.Kf4 Kf6 45.g4 Kg6 46.g5 Kh5 47.Kg3 Kg6 48.Kg4 Kg7 49.h5 Kh7
50.g6+ Kg7 51.Kg5 e3 52.h6+ Kg8 53.Kf6 e2 54.h7+ Kh8 55.Kf7  1-0

[Event "39th Open"]
[Site "Mar del Plata ARG"]
[Date "2008.03.22"]
[Round "9"]
[White "Coppola,G"]
[Black "Juarez,CE"]
[Result "1-0"]
[WhiteElo "2065"]
[BlackElo "2170"]

1.d4 d5 2.Nf3 Nf6 3.c4 c6 4.g3 e6 5.Bg2 Nbd7 6.O-O Be7 7.Nc3 O-O 8.Nd2 b6
9.Qb3 Bb7 10.e4 dxc4 11.Nxc4 Rc8 12.Rd1 b5 13.Bf4 Nb6 14.Ne5 Nfd7 15.d5 Nc5
16.Qc2 exd5 17.Bh3 Ne6 18.Nxf7 Kxf7 19.exd5 Nxf4 20.Be6+ Ke8 21.Qxh7 cxd5
22.gxf4 Qd6 23.Qh5+ g6 24.Qxg6+ Kd8 25.f5 Rc4 26.Qg2 Qc7 27.Nxb5 Qe5 28.Nc3  1-0

[Event "12th Neckar Open A"]
[Site "Deizisau GER"]
[Date "2008.03.23"]
[Round "7"]
[White "Brener,I"]
[Black "Naumann,A"]
[Result "0-1"]
[WhiteElo "2394"]
[BlackElo "2541"]

1.Nf3 Nf6 2.c4 c6 3.d4 d5 4.Qc2 g6 5.Bf4 Bg7 6.e3 O-O 7.Nc3 c5 8.Rd1 Qa5
9.dxc5 dxc4 10.Bxc4 Qxc5 11.Qb3 Qa5 12.O-O Nc6 13.Ng5 e6 14.Nb5 h6 15.Nf3 a6
16.Nd6 b5 17.Be2 Nh5 18.Bg3 Nxg3 19.hxg3 Qb4 20.Qxb4 Nxb4 21.a3 Nc6 22.Nxc8 Raxc8
23.Rd2 Rfd8 24.Rc2 Ne7 25.Rxc8 Rxc8 26.b3 Rc2 27.Bd1 Ra2 28.a4 Nd5 29.axb5 axb5
30.Nd4 Bxd4 31.exd4 Nc3 32.Bf3 Rb2 33.Ra1 Rxb3 34.Ra8+ Kg7 35.Rb8 Rb1+ 36.Kh2 Rb2
37.Kg1 Rd2 38.Rb7 Nd1 39.Bxd1 Rxd1+ 40.Kh2 Rb1 41.g4 b4 42.Kg3 b3 43.f3 Rb2
44.Rb8 g5 45.Rb7 Kf8 46.Kh3 Ke8 47.Kh2 Kd8 48.Rxf7 Kc8 49.Re7 Re2 50.Re8+ Kc7
51.Re7+ Kc6 52.Re8 Kd5 53.Rb8 Kc4  0-1

[Event "Spring Festival"]
[Site "Budapest HUN"]
[Date "2008.03.28"]
[Round "8"]
[White "Juhasz,Kr"]
[Black "Griffiths,R"]
[Result "1/2-1/2"]
[WhiteElo "2106"]
[BlackElo "2039"]

1.d4 Nf6 2.c4 c6 3.Nf3 d5 4.Qb3 dxc4 5.Qxc4 Bg4 6.Nbd2 Nbd7 7.g3 e6 8.Bg2 Be7
9.O-O Bh5 10.e3 O-O 11.b4 Nb6 12.Qb3 Qd5 13.Rb1 Bg6 14.Ne5 Qxb3 15.Rxb3 Bc2
16.Rb2 Ba4 17.Re1 Nfd5 18.a3 f6 19.Nec4 Nxc4 20.Nxc4 Bb5 21.Bf1 Rad8 22.Bd2 Nb6
23.Rc1 Nxc4 24.Bxc4 Bxc4 25.Rxc4 e5 26.Bc3 b5 27.Rxc6 Rc8 28.Rxc8 Rxc8 29.Rb3 e4
30.Kf1 Kf7 31.Ke2 Ke6 32.Kd2 Kd5 33.Rb1 f5 34.Ra1 Kc4 35.Kc2 g6 36.Rd1 Rd8
37.Kb2 Rd6 38.Rc1 Rc6 39.Rc2 Bf8 40.Rd2 Rd6 41.Rc2 Rc6 42.d5 Kxd5 43.Rd2+ Ke6
44.Rd8 Be7 45.Ra8 a6 46.Ra7 h5 47.Bd4  1/2-1/2

[Event "FKB ch-USA Qualifier"]
[Site "Tulsa USA"]
[Date "2008.03.29"]
[Round "3"]
[White "Nonchev,K"]
[Black "Kleiman,J"]
[Result "0-1"]
[WhiteElo "2184"]
[BlackElo "2322"]

1.Nf3 d5 2.d4 c6 3.c4 Nf6 4.Qc2 dxc4 5.Qxc4 Bg4 6.Ne5 Be6 7.Qd3 Nbd7 8.Nxd7 Qxd7
9.e4 Rd8 10.Be3 Ng4 11.Nc3 Nxe3 12.fxe3 g6 13.Be2 Qc7 14.O-O Bg7 15.b4 O-O
16.Rac1 Qd6 17.a3 Be5 18.h3 Bg7 19.Bf3 Qg3 20.Ne2 Qg5 21.Rc5 Qh4 22.Nf4 Bc8
23.e5 Bh6 24.Be4 Qg3 25.Rf3 Qe1+ 26.Qf1 Qh4 27.Qf2 Qxf2+ 28.Kxf2 a6 29.Ke2 f6
30.exf6 exf6 31.Bc2 Rfe8 32.Kf2 Bf8 33.Rc3 Kg7 34.Nd3 Bd6 35.Nc5 f5 36.Bb3 Bb8
37.Nd3 Re7 38.h4 Re4 39.g3 Re7 40.Rc1 Bd6 41.Ke2 f4 42.gxf4 Bg4 43.Rg1 Bxf3+
44.Kxf3 Rde8 45.Ne5 Bxe5 46.dxe5 Rd8 47.Bc2 Rd2 48.Be4 Rh2 49.Kg3 Ra2 50.h5 gxh5
51.f5 Rxe5 52.Kf3+ Kf6 53.Rh1 Rxa3 54.Rxh5 Rb3 55.Rxh7 Rxb4 56.Bd3 Re7 57.Rh6+ Ke5
58.Ke2 Rb2+ 59.Kf3 a5 60.Bc4 Kxf5 61.Rh5+ Kf6 62.Rxa5 b5 63.Bd3 Ke5 64.Ra8 Rf7+
65.Kg3 Rb3 66.Rd8 Rf6 67.Kg4 Rc3 68.Kg5 Rf3 69.Re8+ Kd6 70.Kg4 Rf7 71.Bf5 Re7
72.Rd8+ Kc7 73.Rc8+ Kb7 74.Kf4 Rcxe3  0-1

[Event "FKB ch-USA Qualifier"]
[Site "Tulsa USA"]
[Date "2008.03.29"]
[Round "4"]
[White "Ginsburg,M"]
[Black "Holt,C"]
[Result "1-0"]
[WhiteElo "2365"]
[BlackElo "2169"]

1.d4 d5 2.c4 c6 3.Nf3 Nf6 4.g3 Bf5 5.Bg2 e6 6.O-O Bd6 7.Nc3 Nbd7 8.Nh4 Bg4
9.h3 Bh5 10.Qb3 Rb8 11.cxd5 Nxd5 12.e4 Nxc3 13.bxc3 O-O 14.f4 b5 15.Nf3 Bxf3
16.Bxf3 c5 17.e5 Be7 18.f5 exf5 19.Bf4 g5 20.Be3 b4 21.Qc2 Qb6 22.Qxf5 Qe6
23.Qe4 Qxh3 24.Rf2 Qh6 25.Bg4 Rbd8 26.d5 Rfe8 27.Raf1 Bd6 28.e6 fxe6 29.Bxe6+ Kh8
30.cxb4 Bxg3 31.bxc5 Bxf2+ 32.Rxf2 Nf6 33.Bd4 Rf8 34.c6 Qg7 35.Qe5 Nh5 36.c7  1-0

[Event "TCh-HUN 2007-8"]
[Site "Budapest HUN"]
[Date "2008.03.30"]
[Round "9"]
[White "Restas,P"]
[Black "Videki,S"]
[Result "1/2-1/2"]
[WhiteElo "2263"]
[BlackElo "2420"]

1.d4 d5 2.c4 dxc4 3.Nf3 c6 4.e3 Be6 5.a4 Nf6 6.Nc3 g6 7.Ng5 Bd5 8.e4 h6 9.exd5 hxg5
10.dxc6 Nxc6 11.Bxc4 Bg7 12.d5 Ne5 13.Bb5+ Ned7  1/2-1/2

[Event "ch-SRB w"]
[Site "Kac SRB"]
[Date "2008.03.31"]
[Round "3"]
[White "Djukic,Sa"]
[Black "Eric,J"]
[Result "1/2-1/2"]
[WhiteElo "2204"]
[BlackElo "2104"]

1.d4 d5 2.c4 c6 3.Nf3 Nf6 4.Qc2 dxc4 5.Qxc4 e6 6.Nc3 b5 7.Qb3 a6 8.Bg5 Be7
9.e3 O-O 10.Be2 Nbd7 11.O-O c5 12.Rfd1 c4 13.Qc2 Bb7 14.a3 Re8 15.e4 h6 16.Bh4 Qb6
17.e5 Nd5 18.Bxe7 Nxe7 19.h3 Rad8 20.Ne4 Bxe4 21.Qxe4 Nd5 22.Rac1 Nf8 23.h4 Rc8
24.Rc2 Qa5 25.Ra1 c3 26.b3 Red8 27.h5 Qc7 28.g4 Qc6 29.Rac1 Rd7 30.Bd3 Ne7
31.Kf1 Qxe4 32.Bxe4 Rdc7 33.Ke2 a5 34.b4 axb4 35.axb4 Rc4 36.Rb1 Nd5 37.Bxd5 exd5
38.Rb3 Ne6 39.Kd3 Nf4+ 40.Ke3 Ne6 41.Kd3 Nf4+ 42.Ke3  1/2-1/2

[Event "IX Dos Hermanas Internet"]
[Site "ICC INT"]
[Date "2008.04.05"]
[Round "4.1"]
[White "Har Zvi,R"]
[Black "Andriasian,Z"]
[Result "1/2-1/2"]
[WhiteElo "2512"]
[BlackElo "2533"]

1.Nf3 d5 2.d4 c6 3.c4 Nf6 4.Qc2 dxc4 5.Qxc4 Bf5 6.Nc3 Nbd7 7.g3 e6 8.Bg2 Be7
9.O-O O-O 10.Re1 Ne4 11.Qb3 Nb6 12.e3 Nxc3 13.bxc3 Be4 14.a4 c5 15.a5 c4
16.Qb5 Nd5 17.Bd2 Qc7 18.Ne5 Bxg2 19.Kxg2 Rfc8 20.e4 Nf6 21.Rab1 Rab8 22.a6 b6
23.Nf3 Nd7 24.Bf4 Bd6 25.Bxd6 Qxd6 26.h4 h6 27.h5 Qc6 28.Qb4 b5 29.Ra1 Rb6
30.Qe7 Qd6 31.Qxd6 Rxd6 32.Reb1 Rb6 33.d5 exd5 34.exd5 Rc5 35.Nd4 Rxd5 36.Ra5 Nb8
37.Rbxb5 Rdxb5 38.Rxb5 Nxa6 39.Ra5 g6 40.hxg6 fxg6 41.Nf3 Re6 42.Nd4 Rf6
43.Nf3 Nc7 44.Rxa7 Nb5 45.Ra8+ Kg7 46.Rc8 Nxc3 47.Rxc4 Nd5 48.Rd4 Ne7 49.Rd7 Kf8
50.Rd2 g5 51.Ne5 Re6 52.f4 Kg7 53.Kf3 h5 54.Rd7 Kf6 55.Ra7 Kf5 56.Ra5 Kf6
57.Nd7+ Kf7 58.Rxg5 Rd6 59.Ne5+ Kf6 60.Rxh5 Rd5 61.Ng4+ Kg6 62.Rxd5 Nxd5
63.Ne3 Nc7 64.g4 Kf7 65.g5 Nb5 66.Kg4 Nd4 67.f5 Kg7 68.g6 Kf6 69.Nd5+ Kg7
70.Nf4 Kh6 71.Nh5 Nc6 72.g7 Kh7 73.f6 Ne5+ 74.Kf5 Nf7 75.g8=Q+ Kxg8 76.Ke6 Nh8
77.Ke7 Nf7 78.Ng7 Nh8  1/2-1/2

[Event "IX Dos Hermanas Internet"]
[Site "ICC INT"]
[Date "2008.04.05"]
[Round "5.2"]
[White "Har Zvi,R"]
[Black "Sammour Hasbun,J"]
[Result "0-1"]
[WhiteElo "2512"]
[BlackElo "2463"]

1.Nf3 Nf6 2.c4 c6 3.d4 d5 4.Qc2 dxc4 5.Qxc4 Bf5 6.Nc3 Nbd7 7.g3 e6 8.Bg2 Be7
9.O-O O-O 10.Re1 Ne4 11.Qb3 Qb6 12.Nh4 Bxh4 13.gxh4 Ndf6 14.Qxb6 axb6 15.f3 Nxc3
16.bxc3 Ra4 17.e4 Bg6 18.Rb1 b5 19.a3 Nd7 20.Bf1 f5 21.c4 fxe4 22.fxe4 Rxf1+
23.Kxf1 Rxc4 24.Rb2 Nf6 25.Rbe2 Bxe4 26.Kf2 Bf5 27.Bg5 Rxd4 28.Bxf6 gxf6
29.Ke3 Rd3+ 30.Kf4 Rxa3 31.Rg2+ Kf7 32.Reg1 Bg6 33.h5 e5+ 34.Kg4 Be4 35.Rf2 Ke6
36.Rgf1 f5+ 37.Kg5 b4 38.Kh6 f4 39.Re1 Re3 40.Rxe3 fxe3 41.Re2 b3 42.Rxe3 b2  0-1

[Event "FSGM April"]
[Site "Budapest HUN"]
[Date "2008.04.06"]
[Round "2"]
[White "Sammalvuo,T"]
[Black "Duong The Anh"]
[Result "1-0"]
[WhiteElo "2458"]
[BlackElo "2403"]

1.d4 d5 2.c4 c6 3.Nf3 Nf6 4.Qc2 e6 5.g3 Bd6 6.Bg2 O-O 7.O-O Ne4 8.b3 Nd7
9.Ba3 Bxa3 10.Nxa3 Qe7 11.Qb2 a5 12.Rac1 f5 13.Nc2 g5 14.Nce1 g4 15.Ne5 Nxe5
16.dxe5 f4 17.Bxe4 dxe4 18.Qd4 Qa3 19.Ra1 fxg3 20.hxg3 a4 21.Nc2 Qe7 22.Qxe4 Qg7
23.Ne3 h5 24.c5 axb3 25.axb3 Rxa1 26.Rxa1 Bd7 27.Nc4 Be8 28.Ra8 Qg5 29.Qe3 Qf5
30.Kg2 Bg6 31.Rxf8+ Kxf8 32.Qf4 Qxf4 33.gxf4 Bc2 34.Kg3 Bxb3 35.Nd6 Bd1 36.e3 Bf3
37.Kh4 Kg7 38.Kg5 Kf8 39.Nxb7 Ke7 40.Nd6 Bd1 41.Ne4 Kd7 42.Nf6+ Kc7 43.Nxh5 Kb7
44.Ng7 Bb3 45.f5  1-0

[Event "FSGM April"]
[Site "Budapest HUN"]
[Date "2008.04.08"]
[Round "4"]
[White "Brunello,S"]
[Black "Duong The Anh"]
[Result "0-1"]
[WhiteElo "2475"]
[BlackElo "2403"]

1.d4 d5 2.c4 c6 3.Nf3 Nf6 4.Qb3 dxc4 5.Qxc4 Bf5 6.g3 e6 7.Bg2 Nbd7 8.O-O Be7
9.Nc3 O-O 10.Re1 Ne4 11.Qb3 Qb6 12.Qxb6 axb6 13.Nh4 Bb4 14.Bxe4 Bxe4 15.Bd2 Bg6
16.e4 Rfd8 17.a3 Be7 18.Nxg6 hxg6 19.Be3 b5 20.Rad1 Nb6 21.d5 Nc4 22.Bc1 exd5
23.exd5 Bf6 24.Kg2 Nxa3 25.dxc6 bxc6 26.Ne4 Nc2 27.Rxd8+ Rxd8 28.Re2 Nd4
29.Rd2 Be7 30.Rd1 Ne6 31.Rh1 f5 32.Nc3 Bf6 33.h4 Nc5 34.Ne2 Nd3 35.b3 Nc5
36.h5 g5 37.b4 Nd3 38.Be3 Nxb4 39.Rc1 Kf7 40.Bb6 Rd2 41.Ba5 Be7 42.Kf1 Rc2
43.Rd1 c5 44.Rd7 Nc6 45.Bc3 b4 46.Rc7 Rxc3  0-1

[Event "TCh-RUS"]
[Site "Dagomys RUS"]
[Date "2008.04.10"]
[Round "8"]
[White "Khismatullin,D"]
[Black "Kornev,Alexei"]
[Result "1-0"]
[WhiteElo "2584"]
[BlackElo "2544"]

1.d4 d5 2.c4 c6 3.Nf3 Nf6 4.Qb3 e6 5.Bg5 h6 6.Bxf6 Qxf6 7.Nbd2 Nd7 8.g3 a5
9.a3 a4 10.Qc3 Qd8 11.Bg2 Be7 12.O-O Qa5 13.Qc2 O-O 14.e4 dxe4 15.Nxe4 b6
16.Rfe1 Bb7 17.Rad1 Rfd8 18.Nc3 Bf6 19.h4 Qf5 20.Qe2 c5 21.Nb5 Nf8 22.Rd2 Rac8
23.d5 exd5 24.Ne5 Bxe5 25.Qxe5 Qd7 26.Qf4 Ng6 27.Qf3 Bc6 28.Qd1 d4 29.h5 Bxg2
30.Kxg2 Nf8 31.Qxa4 Ne6 32.Qd1 Ng5 33.g4 Re8 34.Rxe8+ Rxe8 35.Nc3 f5 36.Nd5 fxg4
37.Re2 Ne4 38.Qd3 Qf5 39.f3 gxf3+ 40.Qxf3 Qg5+ 41.Kh2 Qh4+ 42.Kg1 Re5 43.Nf4 Qg5+
44.Kh2 Qf5 45.Kg2 Kh7 46.b4 b5 47.cxb5 c4 48.b6 Qg5+ 49.Kh3 Qf5+ 50.Kg2 d3
51.Nxd3 Qg5+ 52.Kh3 Rf5 53.Qg4 Qxh5+ 54.Qxh5 Rxh5+ 55.Kg2 Nc3 56.Re5 Rh4
57.Nc5 Rg4+ 58.Kf3  1-0

[Event "6th V.Nabokov Mem"]
[Site "Kyiv UKR"]
[Date "2008.04.10"]
[Round "8"]
[White "Nyzhnyk,I"]
[Black "Vysochin,S"]
[Result "1/2-1/2"]
[WhiteElo "2397"]
[BlackElo "2521"]

1.d4 d5 2.c4 c6 3.Nf3 Nf6 4.Qc2 Bg4 5.Ne5 Be6 6.cxd5 Nxd5 7.a3 Nf6 8.e3 Nbd7
9.Nxd7 Bxd7 10.Nc3 e6 11.Be2 Bd6 12.O-O O-O 13.Na4 b6 14.e4 e5 15.f4 exd4
16.e5 c5 17.exd6 Rc8 18.b3 Re8 19.Nb2 b5 20.a4 a6 21.axb5 axb5 22.Bd3 Qb6
23.Bd2 Qxd6 24.Rae1 h6 25.Rxe8+ Bxe8 26.Bf5 Bd7 27.Bxd7 Qxd7 28.Rc1  1/2-1/2

[Event "TCh-RUS w"]
[Site "Dagomys RUS"]
[Date "2008.04.11"]
[Round "9"]
[White "Borisova,E"]
[Black "Shumiakina,T"]
[Result "1/2-1/2"]
[WhiteElo "2275"]
[BlackElo "2360"]

1.d4 d5 2.c4 c6 3.Nf3 Nf6 4.Qc2 e6 5.g3 dxc4 6.Qxc4 b5 7.Qd3 Bb7 8.Bg2 Nbd7
9.O-O a6 10.a4 c5 11.axb5 Be4 12.Qb3 Bd5 13.Qc2 Be4 14.Qd1 axb5 15.Rxa8 Qxa8
16.Nc3 Bc6 17.Nh4 Bxg2 18.Nxg2 Qb7 19.Bf4 cxd4 20.Qxd4 Bc5 21.Qd3 b4 22.Na4 Be7
23.Bd6 Qd5 24.Rc1 Bxd6 25.Rc8+ Ke7 26.Rxh8 Qxd3 27.exd3 Nf8 28.Nb6 Bc5 29.Nc4 N6d7
30.Nge3 f6 31.b3 Kf7 32.Nc2 g6 33.d4 Be7 34.Na5 Nb8 35.Kf1 Kg7 36.Rxf8 Kxf8
37.Ke2 Ke8 38.Kd3 Kd7 39.Kc4 Na6 40.Ne3 h5 41.Kb5 Nc7+ 42.Kc4 Na6 43.f4 Nc7
44.d5 g5 45.f5 exf5 46.Nxf5 Bf8 47.Nc6 Na6 48.Ncd4 Nc7 49.Nf3 Ne8 50.Nd2 Nd6+
51.Nxd6 Kxd6 52.Kd4 Kd7 53.Nc4 Bd6 54.Ke4 Ke7 55.Kf5 Bc7 56.d6+ Bxd6 57.Nxd6 Kxd6
58.Kxf6 Kd5 59.Kxg5 Kd4 60.Kxh5 Kc3 61.g4 Kxb3 62.g5 Kc3 63.g6 b3 64.g7 b2
65.g8=Q b1=Q 66.Qg7+ Kd2 67.h4 Qe4 68.Qg5+ Kc3 69.Kh6 Qe6+ 70.Qg6 Qc8 71.Qg7+ Kb4
72.h5 Qe6+ 73.Kh7 Qf5+ 74.Qg6 Qd7+ 75.Kg8 Qd8+ 76.Kg7 Qd7+ 77.Kf8 Qc8+ 78.Kf7 Qc4+
79.Kf6 Qc6+ 80.Kf5 Qd5+ 81.Kf4 Qd2+ 82.Kg4 Qg2+ 83.Kf5 Qd5+ 84.Kg4  1/2-1/2

[Event "ch-NED w"]
[Site "Hilversum NED"]
[Date "2008.04.11"]
[Round "7"]
[White "Lanchava,T"]
[Black "Bensdorp,M"]
[Result "1-0"]
[WhiteElo "2365"]
[BlackElo "2268"]

1.d4 d5 2.c4 c6 3.Nf3 Nf6 4.Qc2 dxc4 5.Qxc4 Bf5 6.Nc3 e6 7.g3 Nbd7 8.Bg2 Be7
9.O-O O-O 10.Re1 Ne4 11.Qb3 Qb6 12.Nh4 Bxh4 13.gxh4 Ndf6 14.Qxb6 axb6 15.f3 Nxc3
16.bxc3 Bc2 17.Bd2 b5 18.Rec1 Bg6 19.e4 Ra4 20.Rc2 Nd7 21.Bf4 Nb6 22.Bd6 Rfa8
23.Bf1 f6 24.a3 f5 25.Re1 Nc4 26.Bxc4 bxc4 27.Rg2 Rd8 28.Bc5 Rd7 29.Rg5 fxe4
30.fxe4 Ra8 31.Re2 b5 32.h5 Be8 33.h6 Bg6 34.Re5 Re8 35.h4 gxh6 36.h5 Bf7
37.d5 Kg7 38.Rg2+ Kf6 39.Bd4 Ke7 40.dxc6 Rc7 41.Rxb5 Rec8 42.Bc5+ Ke8 43.Rb7 Rxc6
44.Re7+ Kf8 45.Bb4 Rc5 46.Ra7 Ke8 47.Bxc5 Rxc5 48.Rg7 Rg5+ 49.Rxg5 hxg5 50.h6 Bg6
51.e5 Bf5 52.a4 Kd8 53.a5 Kc8 54.a6 Kb8 55.Rf7 Be4 56.Kf2  1-0

[Event "82nd ch-ARG s/f"]
[Site "Buenos Aires ARG"]
[Date "2008.04.15"]
[Round "6"]
[White "Mahia,G"]
[Black "Alonso,S"]
[Result "1/2-1/2"]
[WhiteElo "2432"]
[BlackElo "2420"]

1.d4 d5 2.c4 c6 3.Nf3 Nf6 4.Qc2 dxc4 5.Qxc4 Bf5 6.Nc3 e6 7.g3 Be7 8.Bg2 O-O
9.Nh4 Bg4 10.h3 Bh5 11.g4 Bg6 12.Nxg6 hxg6 13.e4 Nbd7 14.Be3 Rc8 15.O-O-O b5
16.Qb3 a5 17.Kb1 Nb6 18.Bf3 a4 19.Qc2 Nc4 20.Bc1 Qa5 21.Be2 a3 22.b3 Nb2
23.Bxb2 axb2 24.Kxb2 Bb4 25.f3 Ra8 26.a4 bxa4 27.Nxa4 Rfb8 28.Ra1 e5 29.dxe5 Qxe5+
30.Kb1 Rd8 31.Rd1 Rxd1+ 32.Qxd1 Qa5 33.Qc2 Rd8 34.Qxc6 Qg5 35.Nb2 Qd2 36.Qc2 Qxc2+
37.Kxc2 Rd2+ 38.Kc1 Rxe2 39.Ra8+ Kh7 40.Nd3 Bc3 41.Ra7 Bd4 42.Rxf7 g5 43.b4 Be3+
44.Kb1 Rd2 45.Nc5 Kg6 46.Rb7 Bxc5 47.bxc5 Rd8 48.c6 Rc8 49.Rb6 Kf7 50.Kb2 Ng8
51.Rb5 Rxc6 52.Rxg5 Rh6 53.f4 Rxh3 54.e5 Ne7 55.f5 Re3 56.f6 gxf6 57.exf6 Kxf6
58.Rc5 Rg3 59.g5+ Kg6 60.Rb5 Nf5 61.Rb8 Rxg5 62.Rg8+  1/2-1/2

[Event "82nd ch-ARG s/f"]
[Site "Buenos Aires ARG"]
[Date "2008.04.17"]
[Round "8"]
[White "Bitelmajer,M"]
[Black "Hobaica,J"]
[Result "1/2-1/2"]
[WhiteElo "2322"]
[BlackElo "2420"]

1.d4 d5 2.c4 c6 3.Nf3 Nf6 4.Qb3 g6 5.g3 Bg7 6.Bg2 O-O 7.Nc3 b6 8.O-O Ba6
9.cxd5 cxd5 10.Nb5 Nc6 11.a4 Ne4 12.Rd1 Na5 13.Qd3 Bb7 14.Bf4 a6 15.Na3 Qd7
16.b4 Nc6 17.Ne5 Qf5 18.Nxc6 Bxc6 19.b5 axb5 20.Nxb5 Qd7 21.Bxe4 dxe4 22.Qb3 Bxb5
23.Qxb5 Qxb5 24.axb5 Rxa1 25.Rxa1 Bxd4 26.Ra7 Bc5 27.Rb7 Rd8 28.Bc7 Rd1+
29.Kg2 Rd2 30.Kf1 Rd1+ 31.Kg2 e3 32.fxe3 Rb1 33.Be5 f6 34.Bd4 Rxb5 35.Bxc5 Rxc5
36.Rxb6  1/2-1/2

[Event "Mediana"]
[Site "Nis SRB"]
[Date "2008.04.17"]
[Round "8"]
[White "Solomunovic,I"]
[Black "Milchev,N"]
[Result "0-1"]
[WhiteElo "2442"]
[BlackElo "2415"]

1.d4 d5 2.c4 c6 3.Nf3 Nf6 4.Qc2 dxc4 5.Qxc4 Bf5 6.g3 e6 7.Bg2 Nbd7 8.Nc3 Be7
9.O-O Ne4 10.e3 O-O 11.Ne1 Ndf6 12.f3 Nxc3 13.bxc3 c5 14.e4 Bg6 15.Be3 Rc8
16.Qa4 Qc7 17.Nd3 Nd5 18.Bd2 Nb6 19.Qb5 a6 20.Qb1 cxd4 21.cxd4 Qd6 22.Re1 Nc4
23.Bc3 Na3 24.Qb2 Nc4 25.Qf2 Qa3 26.Rac1 Rfd8 27.Nf4 b5 28.h4 e5 29.Nd5 Bf8
30.dxe5 Nxe5 31.Bb2 Qd6 32.Rcd1 Qb8 33.Kh1 f6 34.Bh3 Rc6 35.f4 Nc4 36.Bd4 a5
37.Bg2 Bf7 38.g4 Na3 39.g5 Nc2 40.Ba7 Qc8 41.Rf1 Nb4 42.Bb6 Nxd5 43.Bxd8 Bc5
44.Qg3 Ne3 45.gxf6 g6 46.Be7 Nxf1 47.Bxf1 Bxe7 48.fxe7 Qe6 49.Qg5 Rc7 50.f5 Qxe4+
51.Bg2 Qxe7 52.f6 Qe8 53.Qg3 Rc8 54.Re1 Qd8 55.Re7 Qd4 56.Re5 b4 57.Qg5 a4
58.Re4 Qd1+ 59.Kh2 Qd6+ 60.Qe5 Qxe5+ 61.Rxe5 Rb8 62.Ra5 b3 63.axb3 axb3 64.Be4 b2
65.Bb1 Be6 66.Ra7 Bf5 67.Ba2+ Kh8 68.f7 Kg7 69.f8=Q+ Kxf8 70.Rxh7 b1=Q 71.Bxb1 Rxb1
72.Kg3 Rb4 73.h5 g5 74.Ra7 Rb3+ 75.Kf2 g4 76.h6 Kg8 77.Rg7+ Kh8 78.Rg5 Rf3+  0-1

[Event "Copenhagen Chess Challenge"]
[Site "Ballerup DEN"]
[Date "2008.04.18"]
[Round "5"]
[White "Olsson,Li"]
[Black "Hansen,Martin2"]
[Result "1/2-1/2"]
[WhiteElo "2372"]
[BlackElo "2107"]

1.Nf3 d5 2.d4 Nf6 3.c4 c6 4.Qc2 e6 5.g3 Nbd7 6.Bg2 Be7 7.Nbd2 b6 8.O-O Bb7
9.b3 O-O 10.Bb2 Rc8 11.e4 dxe4 12.Nxe4 c5 13.Nfg5 Nxe4 14.Nxe4 Qc7 15.Rad1 cxd4
16.Rxd4 Rcd8 17.Rfd1 Nc5 18.Nxc5 bxc5 19.Rxd8 Rxd8 20.Rxd8+ Bxd8 21.Bxb7 Qxb7
22.Qd3 Be7 23.f3 Qc7 24.Kf2 a6 25.Bc3 h5 26.Qe4 Qd6 27.Ke2 Bf6 28.Bxf6 gxf6
29.Qd3 Qe5+ 30.Qe3 Qb2+ 31.Qd2 Qe5+ 32.Kf2 Kg7 33.a3 Qa1 34.a4 Qb1 35.Qe3 Qc2+
36.Kg1 Qd1+ 37.Kg2 Qc2+ 38.Kh3 Qf5+ 39.g4 hxg4+ 40.fxg4 Qg5 41.Qf2 Kg6 42.Kg3 f5
43.h3 fxg4 44.hxg4 f5 45.a5 Qxg4+ 46.Kh2 Qh5+ 47.Kg2 Qg5+ 48.Kf1 f4 49.b4 cxb4
50.c5 b3 51.Qe2 Qxc5 52.Qxe6+ Kg5 53.Qxb3 Qxa5 54.Qg8+ Kf5 55.Qh7+ Kg4 56.Qg6+ Kh4
57.Qh6+ Kg4 58.Qg6+ Qg5 59.Qxa6 f3 60.Qe6+ Kg3 61.Qd6+ Kh3 62.Qd7+ Kh2 63.Qc7+ Qg3
64.Qxg3+ Kxg3 65.Kg1 f2+ 66.Kf1 Kf3  1/2-1/2

[Event "Copenhagen Chess Challenge"]
[Site "Ballerup DEN"]
[Date "2008.04.20"]
[Round "8"]
[White "Glud,J"]
[Black "Karim,I"]
[Result "1/2-1/2"]
[WhiteElo "2456"]
[BlackElo "2394"]

1.d4 d5 2.Nf3 Nf6 3.c4 c6 4.Qc2 dxc4 5.Qxc4 Bf5 6.Nc3 e6 7.Bg5 Be7 8.e3 Nbd7
9.Be2 Ne4 10.Bf4 Qb6 11.Qb3 Qxb3 12.axb3 Bb4 13.Rc1 Nxc3 14.bxc3 Ba3 15.Rd1 Bb2
16.Kd2 Nf6 17.Bd3 Nd5 18.c4 Nxf4 19.Bxf5 exf5 20.exf4 O-O-O 21.Kc2 Ba3 22.Ne5 Rhf8
23.Ra1 Bd6 24.Rxa7 Bb8 25.Ra8 Rxd4 26.Rd1 Rxd1 27.Kxd1 Rd8+ 28.Kc2 f6 29.Nd3 b6
30.g3 Kb7 31.Ra1 Re8 32.Kd2 Bc7 33.h4 h5 34.b4 Re4 35.Kc3 Re8 36.Ra2 Re7
37.Rb2 Re8 38.Rb1 Re2 39.Re1 Rxe1 40.Nxe1 Kc8 41.Nd3 Kd7 42.Kd4  1/2-1/2

[Event "IX EICC"]
[Site "Plovdiv BUL"]
[Date "2008.04.22"]
[Round "2"]
[White "Czebe,A"]
[Black "Roiz,M"]
[Result "0-1"]
[WhiteElo "2513"]
[BlackElo "2659"]

1.c4 Nf6 2.Nf3 c6 3.d4 d5 4.Qc2 g6 5.Bg5 Bg7 6.e3 O-O 7.Nbd2 h6 8.Bh4 c5
9.Bxf6 Bxf6 10.cxd5 cxd4 11.Nxd4 Bxd4 12.exd4 Qxd5 13.Nf3 Bf5 14.Qd2 Nc6
15.Be2 Kg7 16.O-O Rfd8 17.Rfd1 Rac8 18.b3 Qa5 19.Qxa5 Nxa5 20.Ne5 Rc2 21.Kf1 Be4
22.Nc4 Nxc4 23.Bxc4 Bd5 24.Bd3 Rb2 25.Re1 Be6 26.Re2 Rxe2 27.Kxe2 Rxd4 28.Ke3 Rd7
29.Rd1 Bd5 30.g4 a6 31.h4 g5 32.hxg5 hxg5 33.Bf5 e6 34.Bd3 Kf6 35.Rf1 Ke5
36.f4+ gxf4+ 37.Rxf4 f6  0-1

[Event "26th Metz Open"]
[Site "Metz St Symphorien FRA"]
[Date "2008.04.25"]
[Round "7"]
[White "Epishin,V"]
[Black "Savchenko,S"]
[Result "1/2-1/2"]
[WhiteElo "2566"]
[BlackElo "2560"]

1.d4 d5 2.c4 c6 3.Nf3 Nf6 4.Qb3 dxc4 5.Qxc4 Bf5 6.g3 e6 7.Bg2 Be7 8.O-O O-O
9.Rd1 Nbd7 10.Bd2 a6 11.Be1 Ne4 12.Qc1 h6 13.a4 Qc7 14.Na3 Nb6 15.Ne5 Bh7
16.Nac4 Nd5 17.Nd3 Rfd8 18.e3 Nef6 19.b3 b6 20.Qb2  1/2-1/2